000 00525nam a2200217Ia 4500
003 OSt
005 20220924144730.0
006 a|||||r|||| 00| 0
007 ta
008 220923b |||||||| |||| 00| 0 urd d
024 _a320138
037 _cTextual
040 _aARTS
_cARTS
_burd
041 _2urd
_aurd
082 _aDelta73wJ63, 168M7
245 0 _aTasaneef-e-Ahmadia
260 _c1987
650 _aMYSTICISM
942 _hDelta73wJ63, 168M7
_cTEXL
_2CC
999 _c458085
_d458085